Fr. Conceicao Rodrigues College of Engineering

Electrical machines (Record no. 33886)

MARC details
000 -LEADER
fixed length control field 00288nam a2200133Ia 4500
100 ## - MAIN ENTRY--PERSONAL NAME
Personal name Siskind charles S
245 ## - TITLE STATEMENT
Title Electrical machines
260 ## - PUBLICATION, DISTRIBUTION, ETC.
Name of publisher, distributor, etc. Mc Graw Hill
Place of publication, distribution, etc. Auckland
Date of publication, distribution, etc. 1966
300 ## - PHYSICAL DESCRIPTION
Extent 563
546 ## - LANGUAGE NOTE
Language note ENGLISH
650 ## - SUBJECT ADDED ENTRY--TOPICAL TERM
Topical term or geographic name entry element Electrical
654 ## - SUBJECT ADDED ENTRY--FACETED TOPICAL TERMS
Focus term electrical
942 ## - ADDED ENTRY ELEMENTS (KOHA)
Koha item type BOOK
Holdings
Withdrawn status Lost status Damaged status Not for loan Collection Home library Current library Date acquired Source of acquisition Cost, normal purchase price Inventory number Total Checkouts Full call number Barcode Date last seen Cost, replacement price Price effective from Koha item type
        CRC Fr. Agnel's C.Rodrigues College of Engineering Fr. Agnel's C.Rodrigues College of Engineering 17/03/2023 Progressive Books 317.40 2041 dt 9.7.92   3654 17/03/2023 317.40 09/07/1992 BOOK